LEADER 00907nam0-22003131i-450- 001 990008039420403321 005 20050406110632.0 010 $a0860545377 035 $a000803942 035 $aFED01000803942 035 $a(Aleph)000803942FED01 035 $a000803942 100 $a20050406d1988----km-y0itay50------ba 101 0 $ager 102 $aGB 105 $ay-------001yy 200 1 $aCapuanische Grabsteine$eUntersuchungen zu den Grabsteinen romischer Freigelassener aus Capua$fMichael Eckert 210 $aOxford$cBAR$d1988 215 $aVII, 286 p.$cill$d30 cm 225 1 $aBAR international series 676 $a736$v20$zita 700 1$aEckert,$bMichael$0497259 801 0$aIT$bUNINA$gRICA$2UNIMARC 901 $aBK 912 $a990008039420403321 952 $aDDR-XIX C 107.10$b2103 ddr$fDDR$m21-5561 959 $aDDR 996 $aCapuanische Grabsteine$9755557 997 $aUNINA LEADER 00893nam0-22003251i-450- 001 990003150620403321 005 20120224131038.0 010 $a2-7246-0449-0 035 $a000315062 035 $aFED01000315062 035 $a(Aleph)000315062FED01 035 $a000315062 100 $a20030910d1981----km-y0itay50------ba 101 0 $afre 102 $aFR 200 1 $a<>ouvriers divisés$fPierre Dubois. 210 $aParis$cPresses de la Fondation Nationale de Sciences Politiques$d1981. 215 $a204 p.$d22 cm 300 $aBibliography: p. [199]-204. 610 0 $aOperai 610 0 $aSociologia industriale 676 $a18510 702 1$aDubois,$bPierre$f<1944- > 801 0$aIT$bUNINA$gRICA$2UNIMARC 901 $aBK 912 $a990003150620403321 952 $a18510 DUB$b11463/I$fSES 959 $aSES 996 $aOuvriers divisés$9456335 997 $aUNINA